Muzyczne memy - Statystyki

Ogólne statystyki
  • Ten quiz został rozwiązany 257 razy
  • Średni wynik to 7 z 25
Statystyki odpowiedzi
Lp. Podpowiedź Nazwa utworu % Poprawnych
1. Utwór stworzony przez norweskich komików (Bårda i Vegarda Ylvisåkerów), zadający pytanie, jaki odgłos wydaje pewne zwierzę. Został opublikowany na Youtubie w 2013 roku. The Fox (What Does The Fox Say?)
83%
5. Utwór wydany w 1999 roku, popularność wśród memów zdobył przez film Shrek. All Star
70%
3. Wydana została w 1987 roku, jednak dopiero w 2008 stała się memem. Żart polega na wysłaniu komuś zamaskowanego linku do jakiegoś interesującego filmu. Niektórzy zapamiętali cały link do piosenki na Youtubie tylko po to, żeby nie zostać oszukanym. Never Gonna Give You Up / Rickroll
67%
9. Pierwszy utwór nagrany przez najpopularniejszego Youtubera na świecie, Pewdiepie'a, powstały w czasie jego "wojny" z T-Series. Bitch Lasagna
47%
8. Piosenka skomponowana w 1978 roku, opowiadająca historię o zaufanym mnichu cara Mikołaja II. Rasputin
43%
19. Przez długi czas teledysk tej piosenki był najbardziej nielubianym filmem na Youtubie, został zdetronizowany dopiero przez (o ironio) film Youtube'a. Baby
42%
10. Oficjalny soundtrack z jednego z najpopularniejszych filmów romantycznych. W internecie często jest wykorzystywana w formie coveru z tragicznym fletem My Heart Will Go On
41%
7. Utwór pochodzi z gry "Undertale". Zaczyna być grany podczas walki z Sansem, jednym z bossów w grze. Megalovania
38%
11. Funkowy utwór o pewnym miesiącu. September
37%
24. Teledysk przedstawia 3 wykonawców tańczących na i w samolocie. Dragonstea Din Tei / Numa Numa
31%
15. Początek teledysku utworu przedstawia wokalistę kanadyjskiego zespołu, trzymającym jego, oprawione w ramę zdjęcie Photograph
31%
13. Teledysk tego indyjskiego utworu przedstawia wykonawcę utworu wykonujący charakterystyczny taniec w czterech różnych strojach reprezentujących żywioły. Jest to pierwszy indyjski teledysk wykorzystujący greenscreen. Tunak Tunak Tun
29%
14. Piosenka wykonana przez iLoveFRiDAY w celu obrażeniu pewnej gwiazdy porno. Została spopularyzowana przez NyanNyanCosplay, znaną również jako Kat, na TikToku, która wykonała charakterystyczny taniec do tego utworu. MiA KHALiFA/Hit Or Miss
26%
21. Teledysk ukazuje kobietę grającą na pianinie, która podróżuje przez miasto A Thousand Miles
21%
12. Piosenka stworzona w języku podobnym do łaciny, wydana została w 1997 Ameno
18%
16. Najpopularniejszy utwór zespołu Drowning Pool z 2001 roku. Piosenka, według twórców, jest o koncercie, konkretnie zjawisku zwanym Mosh Pit. Po zamachu na WTC zostało jej przypisane nowe znaczenie. Bodies
18%
6. Początek tego utworu jest używany tuż przed tragicznym wydarzeniem na filmie, występujący razem z napisem "To be continued...", itp. Wydany został w 1972. Roundabout
18%
17. Jeden z hitów grupy Linkin Park z ich debiutanckiej płyty, ale nie najpopularniejszy. Crawling
11%
4. Piosenka została nagrana przez jednego z najpopularniejszych Youtuberów na świecie, który nie cieszy się dobrą reputacją wśród starszej widowni. Teledysk tego utworu szybko stał się jednym z najbardziej zdislike'owanych filmów na Youtubie. It's Everyday Bro
11%
2. Ogłoszona najtrudniejszą piosenką w serii Guitar Hero i Rock Band z powodu bardzo trudnych do zagrania solówek. Through the Fire and Flames
11%
23. Utwór był popularny wśród poradników ze wczesnych lat Youtube'a. 009 Sound System Dreamscape
4%
20. Ulubiona piosenka internetu. Africa
3%
25. Remix z wywiadu z bratem ofiary włamania. Bed Intruder Song
0%
22. Wykonawca tej piosenki próbował swoich sił w branży konsolowej, sprzedając pirackie wersje konsol Nintendo. Crank That / Soulja Boy
0%
18. Utwór używany memach w ukazujących ludzi (lub zwierzęta), które niszczą lub nie okazują szacunku otoczeniu. Mr Highway's Thinking About The End / Disrespect Your Surroundings
0%
Nie znaleziono quizów pasujących do podanych kryteriów
Rozkład punktacji
Procent ludzi z każdym wynikiem
Percentyl według liczby udzielonych odpowiedzi
Twoja historia wyników
Nie rozwiązałeś tego quizu